| Tag |
First Indicator |
Second Indicator |
Subfields |
| LEADER |
00000cam a22000007 4500 |
| 001 |
in00000014563 |
| 005 |
20151007052237.0 |
| 008 |
870206s1968 mx ae 00000 eng d |
| 035 |
|
|
|a (OCoLC)15160462
|
| 035 |
|
|
|9 AAA6933AM
|
| 040 |
|
|
|a RQH
|c RQH
|d TXA
|d UtOrBLW
|
| 041 |
1 |
|
|a eng
|h spa
|
| 049 |
|
|
|a TXAM
|c [A10798694]
|
| 050 |
|
4 |
|a F1219.1.T8
|b M42 1979
|
| 110 |
2 |
|
|a Instituto Nacional de Antropología e Historia (Mexico)
|
| 245 |
1 |
0 |
|a Tula :
|b official guide.
|
| 250 |
|
|
|a 3.ed. in English.
|
| 264 |
|
1 |
|a Mexico :
|b D.F., Talleres de Edimex,
|c [1968]
|
| 264 |
|
3 |
|c 1979 printing
|
| 300 |
|
|
|a 56 pages :
|b illustrations, plans. ;
|c 21 cm.
|
| 336 |
|
|
|a text
|b txt
|2 rdacontent
|
| 337 |
|
|
|a unmediated
|b n
|2 rdamedia
|
| 338 |
|
|
|a volume
|b nc
|2 rdacarrier
|
| 500 |
|
|
|a "Texto y traducción del Dr. Pablo Martinez del Rio y del Arq. Jorge R. Acosta."
|
| 500 |
|
|
|a "August 16, 1968."
|
| 651 |
|
0 |
|a Tula de Allende (Mexico)
|
| 650 |
|
0 |
|a Indians of Mexico
|z Mexico
|z Tula de Allende
|x Antiquities.
|
| 650 |
|
0 |
|a Toltecs
|x Antiquities.
|
| 700 |
1 |
|
|a Martinez del Rio, Pablo,
|d 1892-
|
| 700 |
1 |
|
|a Acosta, Jorge R.
|
| 999 |
|
|
|a MARS
|
| 999 |
f |
f |
|s 720a77a2-c615-3797-96fb-ed0a4f269dee
|i b4bed85c-7d70-3b85-90f5-db0fb8f84a6e
|t 0
|
| 952 |
f |
f |
|p ric
|a Texas A&M University
|b Rellis Campus
|c Joint Library Facility
|d Remote Storage
|t 0
|e F1219.1.T8 M42 1979
|h Library of Congress classification
|i unmediated -- volume
|m A14810798694
|
| 998 |
f |
f |
|a F1219.1.T8 M42 1979
|t 0
|l Remote Storage
|